Социальная защита в странах Европейского союза: история, организация, финансирование, проблемы

Bibliografske podrobnosti
Glavni avtor: Антропов В. В. Владимир Владимирович
Izvleček:В монографии исследуются актуальные вопросы организации и функционирования систем социальной защиты в странах Европейского союза. Рассмотрена история развития социального страхования в Западной Европе. Особое внимание уделено особенностям социальных программ в государствах — членах ЕС. На примере пяти европейских стран — Германии, Франции, Великобритании, Швеции и Италии — дается комплексный анализ опыта организации и функционирования программ социальной защиты — пенсионного, медицинского страхования, страхования по безработице и от несчастных случаев па производстве, а также минимального социального обеспечения. Книга рассчитана на студентов, аспирантов, ученых и преподавателей экономических дисциплин, специалистов в сфере государственного управления и социальных работников.
Jezik:ruščina
Izdano: Москва, Экономика, 2006
Teme:
Format: Knjiga
KOHA link:https://koha.lib.tpu.ru/cgi-bin/koha/opac-detail.pl?biblionumber=120097

MARC

LEADER 00000nam0a2200000 4500
001 120097
005 20231031124851.0
010 |a 5282025345 
035 |a (RuTPU)RU\TPU\book\130023 
090 |a 120097 
100 |a 20070816d2006 k y0rusy50 ca 
101 0 |a rus 
102 |a RU 
105 |a y z 001zy 
200 1 |a Социальная защита в странах Европейского союза: история, организация, финансирование, проблемы  |f В. В. Антропов 
210 |a Москва  |c Экономика  |d 2006 
215 |a 271 с. 
320 |a Библиогр.: с. 258-271. 
330 |a В монографии исследуются актуальные вопросы организации и функционирования систем социальной защиты в странах Европейского союза. Рассмотрена история развития социального страхования в Западной Европе. Особое внимание уделено особенностям социальных программ в государствах — членах ЕС. На примере пяти европейских стран — Германии, Франции, Великобритании, Швеции и Италии — дается комплексный анализ опыта организации и функционирования программ социальной защиты — пенсионного, медицинского страхования, страхования по безработице и от несчастных случаев па производстве, а также минимального социального обеспечения. Книга рассчитана на студентов, аспирантов, ученых и преподавателей экономических дисциплин, специалистов в сфере государственного управления и социальных работников. 
610 1 |a социальная работа 
610 1 |a социальная защита 
610 1 |a Европа 
610 1 |a Европейский Союз 
610 1 |a история 
610 1 |a теория 
610 1 |a организация 
610 1 |a финансирование 
610 1 |a Германия 
610 1 |a Франция 
610 1 |a Великобритания 
610 1 |a Швеция 
610 1 |a Италия 
610 1 |a пенсионное страхование 
610 1 |a медицинское страхование 
610 1 |a страхование по безработице 
610 1 |a социальное обеспечение 
610 1 |a несчастные случаи 
686 |a У9(2)272  |v LBC/SL-A  |2 rubbk 
686 |a У9(4)  |v LBC/SL-A  |2 rubbk 
700 1 |a Антропов  |b В. В.  |g Владимир Владимирович 
801 1 |a RU  |b 63413507  |c 20070816  |g PSBO 
801 2 |a RU  |b 63413507  |c 20210525  |g PSBO 
900 |a Организация, управление и администрирование в социальной работе 
942 |c BK 
959 |a 48/20070816  |d 1  |e 120,00  |f ЧЗГЛ:1